000 00567cam a22002053a 4500
001 43983
003 PGUSA
005 20140828084012.0
008 131019s2013||||xxu|||||s|||||000 | eng d
040 _aPGUSA
_beng
042 _adc
100 1 _aDale, Alan
245 1 0 _aWanted :
_bA Cook : Domestic Dialogues
_h[electronic resource] /
_cAlan Dale
260 _bProject Gutenberg,
_c2013
506 _aPublic domain in the USA.
516 _aElectronic text
830 0 _aProject Gutenberg
_v43983
856 4 0 _uhttp://www.gutenberg.org/ebooks/43983
942 _cEB
999 _c273234
_d273234